[Event "ROM-ch U14"]
[Site "Calimanesti Caciulata"]
[Date "2016.04.22"]
[Round "6"]
[White "Craciun, Alexandru Emilian"]
[Black "Ungureanu, Alexandru Daniel"]
[Result "1-0"]
[WhiteElo "1855"]
[BlackElo "1605"]
[PlyCount "61"]
[EventDate "2016.04.18"]
[EventType "swiss"]
[EventRounds "9"]
[EventCountry "ROU"]
[SourceTitle "CBM 172 Extra"]
[Source "ChessBase"]
[SourceDate "2016.06.21"]
[SourceVersion "1"]
[SourceVersionDate "2016.06.21"]
[SourceQuality "1"]

1. e4 d6 2. d4 Nf6 3. Nc3 g6 4. f4 Bg7 5. Bd3 a6 6. Nf3 b5 7. e5 Ng4 8. h3 Nh6 9. 0-0 Bb7 10. Ne4 0-0 11. c3 Nd7 12. Qe2 Nb6 13. h4 Rc8 14. h5 Nf5 15. g4 Bxe4 16. gxf5 Bxf5 17. Bxf5 gxf5 18. h6 Bxh6 19. Qh2 Bg7 20. Kf2 f6 21. e6 Qe8 22. Be3 Nc4 23. Rh1 h6 24. Rag1 Nxe3 25. Kxe3 c5 26. Qg2 cxd4+ 27. Nxd4 Rf7 28. exf7+ Qxf7 29. Nxf5 Qe6+ 30. Kd2 Qxf5 31. Qxg7# 1-0

[Event "ROM-ch U12"]
[Site "Calimanesti"]
[Date "2015.04.05"]
[Round "8"]
[White "Craciun, Alexandru Emilian"]
[Black "Secrieru, Andrei Cristian"]
[Result "1/2-1/2"]
[WhiteElo "1562"]
[BlackElo "1627"]
[PlyCount "146"]
[EventDate "2015.03.30"]
[EventType "swiss"]
[EventRounds "9"]
[EventCountry "ROU"]
[SourceTitle "CBM 165 Extra"]
[Source "ChessBase"]
[SourceDate "2015.04.21"]
[SourceVersion "1"]
[SourceVersionDate "2015.04.21"]
[SourceQuality "1"]

1. e4 c5 2. Nf3 e6 3. d4 cxd4 4. Nxd4 a6 5. Bd3 Qc7 6. Be3 Nf6 7. 0-0 Bc5 8. Qe2 0-0 9. Nb3 Bxe3 10. Qxe3 d6 11. Nc3 Nc6 12. h3 b5 13. Kh1 Bb7 14. f4 Rfd8 15. f5 Ne5 16. fxe6 fxe6 17. a3 Rac8 18. Rad1 Kh8 19. Nd2 d5 20. Nf3 Nxf3 21. Qxf3 Re8 22. Rd2 Qb8 23. Qf4 Qxf4 24. Rxf4 e5 25. Rf1 d4 26. Ne2 Nxe4 27. Rdd1 Rf8 28. Kg1 Nd6 29. Ng3 g6 30. Rfe1 Rfe8 31. Rd2 Nc4 32. Bxc4 bxc4 33. Rde2 d3 34. Re3 Rcd8 35. Nf1 dxc2 36. Rc1 Rd1 37. Rxc2 a5 38. Rf2 Kg7 39. Kh2 Rd3 40. Ree2 Rd6 41. Rc2 Ba6 42. Ne3 Rc6 43. Rfd2 Rc5 44. Rd6 Bb5 45. Rdd2 Rec8 46. Rc3 h5 47. Rdc2 a4 48. Rd2 Kf7 49. Rd6 R8c6 50. Rd2 Rc7 51. Kg3 Kg7 52. Kh2 Kh6 53. Rd6 Kg5 54. Nd5 Rg7 55. Re3 Kh6 56. Rxe5 Bc6 57. Rf5 Rd7 58. Ne7 Rxd6 59. Rxc5 Bd7 60. Rxc4 Re6 61. Nc8 Bxc8 62. Rxc8 Rb6 63. Rc2 Rb3 64. Kg1 Kg5 65. Kf1 Kf4 66. Ke1 Ke3 67. Kd1 Kd3 68. Kc1 Kd4 69. Rd2+ Ke5 70. Kc2 Rg3 71. Kd1 g5 72. Ke1 h4 73. Kf2 Rb3 1/2-1/2

[Event "ROM-ch U12"]
[Site "Calimanesti"]
[Date "2015.04.03"]
[Round "6"]
[White "Padurariu, Mihai Edward"]
[Black "Craciun, Alexandru Emilian"]
[Result "1-0"]
[WhiteElo "1709"]
[BlackElo "1562"]
[PlyCount "121"]
[EventDate "2015.03.30"]
[EventType "swiss"]
[EventRounds "9"]
[EventCountry "ROU"]
[SourceTitle "CBM 165 Extra"]
[Source "ChessBase"]
[SourceDate "2015.04.21"]
[SourceVersion "1"]
[SourceVersionDate "2015.04.21"]
[SourceQuality "1"]

1. d4 Nf6 2. Bg5 Ne4 3. Bf4 d5 4. e3 e6 5. Bd3 Nf6 6. Nf3 c5 7. c3 Nc6 8. Nbd2 Bd6 9. Bxd6 Qxd6 10. Qe2 cxd4 11. exd4 0-0 12. 0-0 a6 13. a4 Bd7 14. Ne5 Qc7 15. Rfe1 Na7 16. Nb3 Bc6 17. Nc5 Nd7 18. Nexd7 Bxd7 19. Qh5 h6 20. Re3 Bc6 21. Rae1 Qf4 22. g3 Qg5 23. Qxg5 hxg5 24. Re5 b5 25. a5 Nc8 26. b4 Nd6 27. Rxg5 Nc4 28. Bxc4 dxc4 29. Rge5 Bd5 30. f4 g6 31. Nd7 Rfd8 32. Nf6+ Kg7 33. Nxd5 exd5 34. Re7 Kf6 35. R1e5 Rd6 36. Rc7 Rad8 37. Ree7 Rf8 38. Kg2 Kf5 39. Kf3 Kf6 40. h4 Kg7 41. Rcd7 Rxd7 42. Rxd7 Re8 43. Kf2 Re6 44. Rxd5 f6 45. Rc5 Kh6 46. d5 Rd6 47. Ke3 Kh5 48. Kd4 Kg4 49. Rc6 Rd7 50. Rxf6 Kxg3 51. Rxg6+ Kxf4 52. Rf6+ Kg4 53. Rxa6 Kxh4 54. Rg6 Kh5 55. Rg8 Rf7 56. d6 Rf1 57. Ke5 Rd1 58. a6 Ra1 59. d7 Rxa6 60. d8Q Re6+ 61. Kxe6 1-0